NFL Most Fantasy Points Since 2010 - Statistics

General Stats
  • This quiz has been taken 96 times
  • The average score is 12 of 20
Answer Stats
Players Team Opposing Team Points Player % Correct
Cincinati Bengals Kansas City Chiefs 55.6 Ja'Marr Chase
95%
Cincinati Bengals Baltimore Ravens 55.4 Ja'Marr Chase
95%
Cincinati Bengals Arizona Cardinals 52.2 Ja'Marr Chase
95%
Kansas City Chiefs Tampa Bay Buccaneers 57.9 Tyreek Hill
92%
New Orleans Saints Minnesota Vikings 56.2 Alvin Kamara
82%
Detroit Lions Dallas Cowboys 50.9 Calvin Johnson
79%
Houston Texans Indianapolis Colts 49.9 Andre Johnson
78%
Buffalo Bills Los Angeles Rams 51.9 Josh Allen
73%
Indianapolis Colts Buffalo Bills 53.4 Jonathan Taylor
71%
Cincinati Bengals Carolina Panthers 55.1 Joe Mixon
70%
Atlanta Falcons Tampa Bay Bucaneers 50.8 Julio Jones
63%
Kansas City Chiefs Oakland Raiders 59.5 Jamaal Charles
62%
Pittsburgh Steelers Buffalo Bills 51.8 Le'Veon Bell
62%
Miami Dolphins Denver Broncos 51.3 De'Von Achane
52%
Tampa Bay Bucaneers Oakland Raiders 55.2 Doug Martin
30%
Cleveland Browns Houston Texas 51.5 Amari Cooper
25%
New England Patriots Buffalo Bills 51.6 Wes Welker
25%
Seattle Seahawks Arizona Cardinals 53 Tyler Lockett
3%
Houston Texans Atlanta Falcons 53.7 Will Fuller
1%
Detroit Lions Philladeplhia Eagles 50.2 Jahvid Best
0%
No matching quizzes found
Score Distribution
Percent of People with Each Score
Percentile by Number Answered
Your Score History
You have not taken this quiz